Magyarország katonai ellenőrzése a nemzetközi jog szempontjából

Elmentve itt :
Bibliográfiai részletek
Szerző: Buza László
Dokumentumtípus: Cikk
Megjelent: 1925
Sorozat:Kolligátum
Kulcsszavak:Trianoni békeszerződés, Nemzetközi jog, Katonai ellenőrzés
Online Access:http://misc.bibl.u-szeged.hu/23464
LEADER 00607nab a2200169 i 4500
001 misc23464
005 20191111110513.0
008 170802s1925 hu o 0|| zxx d
040 |a SZTE Miscellanea Repozitórium  |b hun 
041 |a zxx 
100 1 |a Buza László 
245 1 0 |a Magyarország katonai ellenőrzése a nemzetközi jog szempontjából  |h [elektronikus dokumentum] /  |c  Buza László 
260 |c 1925 
300 |a 1-19 
490 0 |a Kolligátum 
695 |a Trianoni békeszerződés, Nemzetközi jog, Katonai ellenőrzés 
856 4 0 |u http://misc.bibl.u-szeged.hu/23464/1/87589_001-019.pdf  |z Dokumentum-elérés